[Event "Hessen-ch Gr-E 64th"]
[Site "Bad Vilbel"]
[Date "2010.04.03"]
[Round "3"]
[White "Fischer, Sean"]
[Black "Will, Steffen"]
[Result "0-1"]
[WhiteElo "1446"]
[BlackElo "1345"]
[PlyCount "78"]
[EventDate "2010.03.31"]
[EventType "swiss"]
[EventRounds "5"]
[EventCountry "GER"]
[SourceTitle "EXT 2011"]
[Source "ChessBase"]
[SourceDate "2010.11.26"]
[SourceVersion "1"]
[SourceVersionDate "2010.11.26"]
[SourceQuality "1"]

1. c4 c5 2. Nc3 Nc6 3. Nf3 Nf6 4. e3 d5 5. cxd5 Nxd5 6. Be2 e6 7. a3 a6 8. 0-0 Be7 9. Qc2 Nf6 10. b3 Qc7 11. Bb2 Bd6 12. Na4 e5 13. Nh4 b6 14. Nf5 Bxf5 15. Qxf5 0-0 16. h3 Ne7 17. Qc2 Rac8 18. Bxa6 Rcd8 19. Nc3 Qc6 20. Be2 Ng6 21. Bf3 Qc8 22. Ne4 Qe6 23. d4 Rc8 24. dxc5 Bxc5 25. Nxf6+ Qxf6 26. Qe2 Qe7 27. b4 Bd6 28. Rfc1 e4 29. Rxc8 Rxc8 30. Bg4 Rc7 31. Qb5 Rc2 32. Bd4 Qc7 33. Qf1 Ne5 34. Bd1 Rc4 35. Bb3 Rxd4 36. exd4 Nd3 37. Bd5 Bh2+ 38. Kh1 Qf4 39. g3 Bxg3 0-1

[Event "Hessen-ch qual-E"]
[Site "Erlensee"]
[Date "2007.04.06"]
[Round "2"]
[White "Fischer, Sean"]
[Black "Woschinski, Thomas"]
[Result "0-1"]
[WhiteElo "1329"]
[BlackElo "1462"]
[PlyCount "68"]
[EventDate "2007.04.06"]
[EventType "swiss"]
[EventRounds "5"]
[EventCountry "GER"]
[SourceTitle "CBM 117 Extra"]
[Source "ChessBase"]
[SourceDate "2007.05.09"]
[SourceVersion "1"]
[SourceVersionDate "2007.05.09"]
[SourceQuality "1"]

1. c4 e5 2. e3 Nf6 3. Nc3 Be7 4. Nf3 d6 5. Be2 Nc6 6. 0-0 0-0 7. a3 Be6 8. b4 e4 9. Ng5 d5 10. Nxe6 fxe6 11. Bg4 Nxg4 12. Qxg4 Rf6 13. cxd5 exd5 14. Qh5 Rd6 15. b5 Na5 16. Rb1 Qd7 17. Rd1 c6 18. d4 Rh6 19. Qe2 Bd6 20. Kf1 Rxh2 21. Ke1 Rxg2 22. Kd2 Nc4+ 23. Kc2 Nxa3+ 24. Bxa3 Bxa3 25. Rh1 Qg4 26. Qe1 c5 27. dxc5 Bxc5 28. Nxd5 Rc8 29. Kb2 Qd7 30. Nc3 Bb4 31. Rc1 Bxc3+ 32. Rxc3 Rxc3 33. Qxc3 Qxb5+ 34. Kc1 Qc6 0-1

[Event "Hessen-ch qual-E"]
[Site "Erlensee"]
[Date "2007.04.06"]
[Round "3"]
[White "Nellesen, Sebastian"]
[Black "Fischer, Sean"]
[Result "1/2-1/2"]
[WhiteElo "1387"]
[BlackElo "1329"]
[PlyCount "114"]
[EventDate "2007.04.06"]
[EventType "swiss"]
[EventRounds "5"]
[EventCountry "GER"]
[SourceTitle "CBM 117 Extra"]
[Source "ChessBase"]
[SourceDate "2007.05.09"]
[SourceVersion "1"]
[SourceVersionDate "2007.05.09"]
[SourceQuality "1"]

1. e4 c5 2. c3 Nc6 3. d4 cxd4 4. cxd4 e6 5. Nc3 Bb4 6. Nf3 Nge7 7. Bc4 d5 8. exd5 Nxd5 9. Bxd5 Qxd5 10. 0-0 Qd8 11. Re1 0-0 12. Be3 Ne7 13. a3 Ba5 14. b4 Bc7 15. Qc2 a6 16. Ng5 Ng6 17. Rad1 Bd7 18. Qe2 Bf4 19. Nce4 h6 20. Nf3 f5 21. Nc5 Bc8 22. Bxf4 Nxf4 23. Qe5 Ng6 24. Qe3 Re8 25. Qb3 Nf4 26. Re5 b6 27. Nd3 Nd5 28. Ree1 Bb7 29. Nde5 Nf4 30. Rc1 Bd5 31. Qe3 g5 32. Nd3 Nxg2 33. Kxg2 g4 34. Qxh6 Bxf3+ 35. Kf1 Qxd4 36. Ne5 Ra7 37. Rc4 Qb2 38. Qg6+ Kf8 39. Qh6+ Kg8 40. Qh5 Rea8 41. Qg6+ Kf8 42. Qxe6 Qxa3 43. Nd7+ Kg7 44. Qf6+ Kg8 45. Qg6+ Kh8 46. Ne5 Bd5 47. Rd4 Qh3+ 48. Ke2 Bf3+ 49. Kd2 Qh7 50. Qf6+ Kg8 51. Rd8+ Rxd8+ 52. Qxd8+ Kg7 53. Nd7 Qh6+ 54. Re3 Qd6+ 55. Rd3 Qxb4+ 56. Kc1 Qf4+ 57. Kb2 Qb4+ 1/2-1/2